Statystyki dla Co to za państwo (dziwne podpowiedzi) #3

Kliknij tutaj aby rozwiązać quiz!

Ogólne statystyki

  • Ten quiz został rozwiązany 1 200 razy
  • Średni wynik to 9 z 15

Statystyki odpowiedzi

KontynentWielkie miastoMorze/OceanCzłonek UEPowierzchniaPaństwo% Poprawnych
EuropaTuluzaAtlantyckiTak643801 km2Francja
95%
EuropaVaduz---Nie160 km2Liechtenstein
90%
EuropaAntwerpiaPółnocneTak30528 km2Belgia
78%
Ameryka PołudniowaLa MatanzaAtlantyckiNie2780400 km2Argentyna
75%
AzjaLarnakaŚródziemneTak9251 km2Cypr
73%
Ameryka PółnocnaEcatepecSpokojnyNie1972550 km2Meksyk
73%
EuropaKonstancaCzarneTak238391 km2Rumunia
69%
AfrykaAddis Abeba---Nie1127126 km2Etiopia
67%
AzjaWientian---Nie236800 km2Laos
52%
AzjaKhulnaIndyjskiNie144000 km2Bangladesz
46%
AfrykaAsmaraCzerwoneNie121320 km2Erytrea
44%
OceaniaSuvaSpokojnyNie18272 km2Fidżi
44%
Ameryka PółnocnaSpanish TownKaraibskieNie10991 km2Jamajka
41%
AfrykaKalabancoro---Nie1240192 km2Mali
34%
AfrykaBulawayo---Nie390580 km2Zimbabwe
22%

Rozkład punktacji

Percentyl według liczby udzielonych odpowiedzi

Procent ludzi z każdym wynikiem

Twoja historia wyników

Nie rozwiązałeś tego quizu